Click chemistry for biotechnology and materials science (Record no. 1385)
[ view plain ]
| 000 -LEADER | |
|---|---|
| fixed length control field | 00617 a2200205 4500 |
| 001 - CONTROL NUMBER | |
| control field | 067492 |
| 003 - CONTROL NUMBER IDENTIFIER | |
| control field | OSt |
| 005 - DATE AND TIME OF LATEST TRANSACTION | |
| control field | 20211214154418.0 |
| 008 - FIXED-LENGTH DATA ELEMENTS--GENERAL INFORMATION | |
| fixed length control field | |
| 020 ## - INTERNATIONAL STANDARD BOOK NUMBER | |
| International Standard Book Number | 9780470699706 |
| 082 ## - DEWEY DECIMAL CLASSIFICATION NUMBER | |
| Classification number | 660.6 |
| Item number | C61C |
| 245 1# - TITLE STATEMENT | |
| Title | Click chemistry for biotechnology and materials science |
| Statement of responsibility, etc | edited by Joerg Lahann |
| 260 ## - PUBLICATION, DISTRIBUTION, ETC. (IMPRINT) | |
| Place of publication, distribution, etc | New York |
| Name of publisher, distributor, etc | John Wiley and Sons |
| Date of publication, distribution, etc | 2009 |
| 300 ## - PHYSICAL DESCRIPTION | |
| Extent | 411p. |
| 630 ## - SUBJECT ADDED ENTRY--UNIFORM TITLE | |
| Uniform title | Chemistry |
| 630 ## - SUBJECT ADDED ENTRY--UNIFORM TITLE | |
| Uniform title | Biotechnology |
| 653 ## - INDEX TERM--UNCONTROLLED | |
| Uncontrolled term | Materials science; Biotechnology; Combinatorial chemistry; Macromolecules--Synthesis |
| 700 ## - ADDED ENTRY--PERSONAL NAME | |
| Personal name | Lahann Joerg |
| Relator term | Editor |
| 942 ## - ADDED ENTRY ELEMENTS (KOHA) | |
| Source of classification or shelving scheme | Dewey Decimal Classification |
| Koha item type | Books |
| Withdrawn status | Lost status | Source of classification or shelving scheme | Damaged status | Not for loan | Collection code | Home library | Current library | Date acquired | Source of acquisition | Cost, normal purchase price | Full call number | Barcode | Date last seen | Price effective from | Koha item type |
|---|---|---|---|---|---|---|---|---|---|---|---|---|---|---|---|
| Dewey Decimal Classification | General Text Book | Central University Of Rajasthan | Central University Of Rajasthan | 07/03/2012 | CHM | 6997.00 | 660.6 C61C | 1778 | 21/11/2024 | 02/09/2020 | Books |
